| 000 | 00589nam a22001697a 4500 | ||
|---|---|---|---|
| 003 | NUST | ||
| 038 | _aNusrat Nadeem | ||
| 082 | _a200 | ||
| 100 |
_aGul, Rida _9126199 |
||
| 245 |
_aWork-life Balance and Career Progression: Perceptions of Maternal Workforce in the Higher Educational Institutes/ _cRida Gul, |
||
| 264 |
_aIslamabad; _bS3H NUST; _c2024. |
||
| 300 |
_a133,p; _bill; _c30,cm. |
||
| 650 |
_aMS-Career Counselling and Education _9125301 |
||
| 700 |
_aSupervisor: Ms. Nadia Jahan _9125090 |
||
| 856 | _u http://10.250.8.41:8080/xmlui/handle/123456789/46937 | ||
| 942 |
_2ddc _cSC |
||
| 999 |
_c611953 _d611953 |
||